| 000 -ლიდერი |
| ფიქსირებული სიგრძის საკონტროლო ველი |
01266nam a2200253Ia 4500 |
| 001 - საკონტროლო ნომერი |
| საკონტროლო ველი |
22009 |
| 003 - საკონტროლო ნომრის იდენტიფიკატორი |
| საკონტროლო ველი |
GE_BSU |
| 005 - ბოლო ოპერაციის თარიღი და დრო |
| საკონტროლო ველი |
20220926121728.0 |
| 008 - ფიქსირებული სიგრძის მონაცემთა ელემენტები - ზოგადი ინფორმაცია |
| ფიქსირებული სიგრძის საკონტროლო ველი |
181216s ||||ge |||||||||||||| ||geo|| |
| 040 ## - კატალოგიზაციის წყარო |
| Transcribing agency |
GE_BSU |
| 041 ## - ენის კოდი |
| Language code of text/sound track or separate title |
geo |
| 080 ## - უნივერსალური ათობითი კლასიფიკაციის ინდექსი |
| Universal Decimal Classification number |
821.111(73)-31 ფ-78 |
| 100 ## - მთავარი ჩანაწერი - პიროვნების სახელი |
| Personal name |
ფოლკნერი, უილიამ |
| 9 (RLIN) |
14793 |
| 245 ## - ცნობა სათაურის შესახებ |
| Title |
სოფელი : |
| Remainder of title |
რომანი / |
| Statement of responsibility, etc |
უილიამ ფოლკნერი ; ინგ. თარგმნა და წინასიტყაობა დაურთო რევაზ თვარაძემ ; რედ. ლილი ზედგენიძე ; მხატვ. თენგიზ მირზაშვილი. |
| 264 ## - წარმოების, გამოცემის, დისტრიბუციის და სხვა ცნობები |
| გამოცემის, წარმოების, დისტრიბუციის... ადგილი |
თბილისი : |
| გამოცემის, წარმოების, დისტრიბუციის... სახელწოდება |
მერანი, |
| გამოცემის, წარმოების, დისტრიბუციის... თარიღი |
1972. |
| 300 ## - ფიზიკური აღწერა |
| Extent |
410 გვ. ; |
| Dimensions |
20 სმ. |
| 653 ## - INDEX TERM--UNCONTROLLED |
| Uncontrolled term |
მხატვრული ლიტერატურა |
| 653 ## - INDEX TERM--UNCONTROLLED |
| Uncontrolled term |
სოფელი : რომანი |
| 700 ## - ADDED ENTRY--PERSONAL NAME |
| Personal name |
თვარაძე, რევაზ |
| Relator term |
მთარგმნელი |
| 9 (RLIN) |
14794 |
| 700 ## - ADDED ENTRY--PERSONAL NAME |
| Personal name |
ზედგენიძე, ლილი |
| Relator term |
რედაქტორი |
| 9 (RLIN) |
14795 |
| 700 ## - ADDED ENTRY--PERSONAL NAME |
| Personal name |
მირზაშვილი, თენგიზ |
| Relator term |
მხატვარი |
| 9 (RLIN) |
14796 |
| 942 ## - ADDED ENTRY ELEMENTS (KOHA) |
| Koha item type |
წიგნი |
| Source of classification or shelving scheme |
|